| 000 | 00609nam a22002297a 4500 | ||
|---|---|---|---|
| 005 | 20170124110200.0 | ||
| 010 | _aA-050760 | ||
| 020 | _c00.00 | ||
| 035 | _aA-050760 | ||
| 037 | _bCen Lib/Ret | ||
| 040 |
_aDPL _bEN |
||
| 082 |
_a060 _bMBO |
||
| 100 |
_aM'Bow, Amadou-Mahtar _935948 |
||
| 245 |
_aBuilding the future / _cby Amadou-Mahtar M'Bow |
||
| 246 | _b | ||
| 260 |
_bUNESCO _aParis _c1981 |
||
| 270 |
_bParis _a7, place de fontenoy |
||
| 300 |
_a258p. _c19cm(Hb) |
||
| 650 |
_aCareer planning _99784 |
||
| 650 |
_afuture building _935949 |
||
| 942 |
_2ddc _cEN _h060 _mMBO |
||
| 999 |
_c132855 _d132855 |
||